Rating komerčnej banky

Uložené v:
Podrobná bibliografia
Hlavný autor: Klimiková, Mária
Médium: Kapitola
Jazyk:Slovak
Tagy: Pridať tag
Žiadne tagy, Buďte prvý, kto otaguje tento záznam!

MARC

LEADER 00000naa$a2200000$$$4500
001 0060821
005 20240502083145.3
041 0 |a slo 
044 |a CZ 
245 1 0 |a Rating komerčnej banky  |c Mária Klimiková 
100 1 |a Klimiková, Mária